<?xml version="1.0" encoding="UTF-8"?>
<record
    xmlns:xsi="http://www.w3.org/2001/XMLSchema-instance"
    xsi:schemaLocation="http://www.loc.gov/MARC21/slim http://www.loc.gov/standards/marcxml/schema/MARC21slim.xsd"
    xmlns="http://www.loc.gov/MARC21/slim">

  <leader>00733nam a2200193Ia 4500</leader>
  <datafield tag="952" ind1=" " ind2=" ">
    <subfield code="0">0</subfield>
    <subfield code="1">0</subfield>
    <subfield code="2">lcc</subfield>
    <subfield code="4">0</subfield>
    <subfield code="7">0</subfield>
    <subfield code="a">21</subfield>
    <subfield code="b">21</subfield>
    <subfield code="d">2012-06-15</subfield>
    <subfield code="l">41</subfield>
    <subfield code="o">QC21 P47 2010</subfield>
    <subfield code="p">21 001268</subfield>
    <subfield code="r">2024-04-26</subfield>
    <subfield code="s">2023-02-08</subfield>
    <subfield code="t">1</subfield>
    <subfield code="w">2012-07-20</subfield>
    <subfield code="y">LB</subfield>
  </datafield>
  <datafield tag="999" ind1=" " ind2=" ">
    <subfield code="c">83539</subfield>
    <subfield code="d">83539</subfield>
  </datafield>
  <controlfield tag="008">120721s2010    mx a          000 0 spa d</controlfield>
  <datafield tag="020" ind1=" " ind2=" ">
    <subfield code="a">9786074381849</subfield>
  </datafield>
  <datafield tag="050" ind1=" " ind2=" ">
    <subfield code="a">QC21 </subfield>
    <subfield code="b">P47 2010</subfield>
  </datafield>
  <datafield tag="100" ind1=" " ind2=" ">
    <subfield code="a">P&#xC9;REZ MONTIEL, H&#xE9;ctor</subfield>
  </datafield>
  <datafield tag="245" ind1=" " ind2=" ">
    <subfield code="a">F&#xED;sica General </subfield>
    <subfield code="c">/ H&#xE9;ctor P&#xE9;rez Montiel</subfield>
  </datafield>
  <datafield tag="250" ind1=" " ind2=" ">
    <subfield code="a">4a ed.</subfield>
  </datafield>
  <datafield tag="260" ind1=" " ind2=" ">
    <subfield code="a">M&#xE9;xico </subfield>
    <subfield code="b">: Patria</subfield>
    <subfield code="c">2010.</subfield>
  </datafield>
  <datafield tag="300" ind1=" " ind2=" ">
    <subfield code="a">622 p. </subfield>
    <subfield code="b">: il. </subfield>
    <subfield code="c">; 27 cm.</subfield>
  </datafield>
  <datafield tag="440" ind1=" " ind2=" ">
    <subfield code="a">serie, bachiller</subfield>
  </datafield>
  <datafield tag="505" ind1=" " ind2=" ">
    <subfield code="a">unidades y mediciones, vectores, cinem&#xE1;tica, din&#xE1;mica, materia y sus propiedades, elasticidad, hidrost&#xE1;tica, hidrodin&#xE1;mica, ondas mecanicas, termolog&#xED;a, magnetismo, electr&#xF3;nica.</subfield>
  </datafield>
  <datafield tag="519" ind1=" " ind2=" ">
    <subfield code="a">Plan UNAM /</subfield>
    <subfield code="b">Preparatoria UNAM /</subfield>
    <subfield code="c">Fisica /</subfield>
    <subfield code="d">(21 001268)</subfield>
  </datafield>
  <datafield tag="650" ind1=" " ind2=" ">
    <subfield code="a">F&#xED;sica&#xCC;</subfield>
  </datafield>
  <datafield tag="942" ind1=" " ind2=" ">
    <subfield code="2">lcc</subfield>
    <subfield code="c">HMAN</subfield>
  </datafield>
</record>
